000 00745nas a2200253 4500
001 BR0103846
003 BR-BrBNA
005 20231205102409.0
007 ta
008 230509b bl.|||p| |||| 00| 00por d
040 _aBR-BrBNA
_bpor
_cBiblioteca Nacional de Agricultura
041 _a(En)
072 _aL20; P01
100 1 _aBoere, V.
245 1 _aEnvironmental enrichment for neotropical primates in captivity
650 _aAnimal Selvagem
650 _aEcologia Animal
650 _aHabitat
650 _aMeio Ambiente
650 _aEquilibrio Ecologico
773 0 _tCiencia Rural (Brazil)
_xISSN 0103-8478
_g(May-Jun 2001), v. 31(3) p. 543-551
_wBR0103846
909 _a202311
_bLúcia
_c55
_dLúcia Elande
942 _2AGRIS
_n0
_cANA
999 _c167363
_d167363